| 000 | 00932nam a22002537a 4500 | ||
|---|---|---|---|
| 005 | 20240530110403.0 | ||
| 008 | 150127s2010 ua o g b 000 m ara d | ||
| 040 | _aEG-CaGPL | ||
| 041 | 0 | _aara | |
| 082 | 0 | 4 |
_221 _a880\ _bم م |
| 100 | 0 | _aمحمد عبودى ابراهيم | |
| 245 | 1 | 0 |
_aمقدمة فى الادبين اليونانى و الرومانى / _cتاليف محمد عبودى ابراهيم |
| 260 |
_aالاسكندرية : _bدار المعرفة الجامعية ؛ _c2010 |
||
| 300 |
_a233 ص : _bصور ؛ _c24 سم |
||
| 504 | _aببليوجرافية : ص 227 - 230 | ||
| 650 | 0 | 4 | _aالادب اليونانى |
| 650 | 0 | 4 | _aاللغة اللاتينية |
| 650 | 0 | 4 | _aالادب اللاتينى |
| 650 | 0 | 4 | _aالنثر اللاتينى |
| 650 | 0 | 4 | _aالنثر اليونانى |
| 650 | 0 | 4 | _aالشعر اليونانى |
| 942 |
_2ddc _cBK |
||
| 999 |
_c60301 _d60301 |
||